| 000 | 004330000a22001810004500 | ||
|---|---|---|---|
| 003 | LK-CoMWRAF | ||
| 008 | 230817t ||||| |||| 00| 0 eng d | ||
| 040 |
_aLK-CoMWRAF _dLK-CoMWRAF _eLK-CoMWRAF |
||
| 041 | _aeng | ||
| 082 |
_a300 _bBHA |
||
| 100 | _aBharathi | ||
| 245 |
_aVaarppukal _b |
||
| 260 |
_bWomen Education Centre _aSri Lanka (Colombo 04) _c1990 |
||
| 300 | _ap.332 | ||
| 650 | _aTamil | ||
| 650 | _aWomen | ||
| 942 | _cBK | ||
| 999 |
_c1933 _d1933 |
||